[Event "17.Città di Padova Open A"]
[Site "Padova"]
[Date "2014.12.20"]
[Round "8.21"]
[White "Marguerettaz, Davy"]
[Black "Sorbera, Giovanni"]
[Result "1-0"]
[WhiteElo "2223"]
[BlackElo "2166"]
[Annotator "Gabriele Ballarin"]
[PlyCount "85"]
[EventDate "2014.12.14"]
[EventType "swiss"]
[EventRounds "9"]
[EventCountry "ITA"]

1. e4 c5 2. Nf3 Nc6 3. d4 cxd4 4. Nxd4 Nf6 5. Nc3 e5 6. Ndb5 d6 7. Bg5 a6 8. Na3 b5 9. Nd5 Be7 10. Bxf6 Bxf6 11. c4 b4 12. Nc2 Rb8 13. b3 Bg5 14. g3 O-O 15. h4 Bh6 16. Bh3 Be6 17. Qh5 Bxd5 18. cxd5 Ne7 19. O-O Qb6 20. Qe2 g6 21. a3 bxa3 22. Rxa3 Ra8 23. Rfa1 a5 24. b4 f5 25. Rxa5 Rxa5 26. Rxa5 fxe4 27. Be6+ Kh8 28. Ra6 Qc7 29. Qxe4 Rb8 30. Kg2 Bg7 31. Na3 Bf8 32. b5 Ng8 33. Qa4 Nf6 34. Nc4 Ne4 35. Rc6 Nc5 36. Qa1 Qd8 37. b6 Bg7 38. Nxd6 Qf8 39. Nf7+ Kg8 40. Nh6+ Kh8 41. Nf7+ Kg8 42. Qa7 h6 43. Rxc5 1-0

[Event "17.Città di Padova Open A"]
[Site "Padova"]
[Date "2014.12.20"]
[Round "8.22"]
[White "Mileto, Gabriele"]
[Black "Fregonese, Giulio"]
[Result "1-0"]
[WhiteElo "2175"]
[BlackElo "2129"]
[Annotator "Gabriele Ballarin"]
[PlyCount "93"]
[EventDate "2014.12.14"]
[EventType "swiss"]
[EventRounds "9"]
[EventCountry "ITA"]

1. c4 e5 2. g3 Nf6 3. Bg2 c6 4. d4 exd4 5. Qxd4 Na6 6. Nf3 d5 7. cxd5 Qxd5 8. Nc3 Qh5 9. Qe5+ Qxe5 10. Nxe5 Be7 11. Nxc6 Nb4 12. Nxb4 Bxb4 13. O-O O-O 14. Be3 Bd6 15. Rfd1 Be5 16. Bd4 Bxd4 17. Rxd4 Be6 18. Rad1 Rac8 19. R1d2 b6 20. e4 Ng4 21. Nd5 Rc1+ 22. Rd1 Rxd1+ 23. Rxd1 Ne5 24. Bf1 Bg4 25. Rc1 Bf3 26. Bg2 Bxg2 27. Kxg2 Nd3 28. Rc7 Nxb2 29. Rxa7 Nc4 30. f4 Rb8 31. Kf2 Kf8 32. Ke2 b5 33. Kd3 Nb2+ 34. Kc3 Nc4 35. Nc7 Nd6 36. e5 b4+ 37. Kb3 Ne4 38. Ra8 Nc5+ 39. Kc4 Rxa8 40. Nxa8 b3 41. axb3 Nxb3 42. Kxb3 Ke7 43. Kc4 Ke6 44. Kd4 Kf5 45. Nc7 h6 46. Ne8 g5 47. Nd6+ 1-0

[Event "17.Città di Padova Open A"]
[Site "Padova"]
[Date "2014.12.20"]
[Round "8.23"]
[White "Goossens, Hanne"]
[Black "Krumm, Johannes"]
[Result "1-0"]
[WhiteElo "2090"]
[BlackElo "2014"]
[Annotator "Gabriele Ballarin"]
[PlyCount "73"]
[EventDate "2014.12.14"]
[EventType "swiss"]
[EventRounds "9"]
[EventCountry "ITA"]

1. e4 Nf6 2. e5 Nd5 3. d4 d6 4. c4 Nb6 5. exd6 cxd6 6. Nc3 g6 7. Be3 Bg7 8. Rc1 O-O 9. b3 N6d7 10. d5 Qa5 11. Qd2 e5 12. Nb5 Qd8 13. Nxd6 f5 14. Bg5 Bf6 15. Bxf6 Nxf6 16. c5 Nbd7 17. b4 a5 18. a3 axb4 19. axb4 e4 20. Qd4 e3 21. fxe3 Ng4 22. Bc4 Ra3 23. Nxc8 Rxe3+ 24. Ne2 Nde5 25. d6+ Kg7 26. Ne7 Re4 27. Qb2 Rf6 28. O-O Rxc4 29. Rxc4 Nxc4 30. Qd4 Nce3 31. Rf3 f4 32. Nxf4 Qa8 33. Rxe3 Nxe3 34. Ned5 Qa2 35. Qxf6+ Kh6 36. Nxe3 Qe2 37. Nf5# 1-0

[Event "17.Città di Padova Open A"]
[Site "Padova"]
[Date "2014.12.20"]
[Round "8.24"]
[White "Karkovic, Mate"]
[Black "Messina, Roberta"]
[Result "1/2-1/2"]
[WhiteElo "1999"]
[BlackElo "2033"]
[Annotator "Gabriele Ballarin"]
[PlyCount "24"]
[EventDate "2014.12.14"]
[EventType "swiss"]
[EventRounds "9"]
[EventCountry "ITA"]

1. d4 d5 2. Nf3 Nf6 3. g3 e6 4. c4 dxc4 5. Bg2 Bb4+ 6. Bd2 c5 7. a3 Bxd2+ 8. Nbxd2 cxd4 9. Nxc4 Nc6 10. O-O O-O 11. Qd3 Qc7 12. Nxd4 Nxd4 $11 1/2-1/2

[Event "17.Città di Padova Open A"]
[Site "Padova"]
[Date "2014.12.20"]
[Round "8.26"]
[White "Quaranta, Cristiano"]
[Black "Polese, Marco"]
[Result "1-0"]
[WhiteElo "2169"]
[BlackElo "1897"]
[Annotator "Gabriele Ballarin"]
[PlyCount "67"]
[EventDate "2014.12.14"]
[EventType "swiss"]
[EventRounds "9"]
[EventCountry "ITA"]

1. Nf3 Nf6 2. c4 c5 3. Nc3 g6 4. g3 Bg7 5. Bg2 O-O 6. O-O Nc6 7. d4 cxd4 8. Nxd4 a6 9. c5 Qc7 10. Nb3 Rd8 11. Bf4 e5 12. Bg5 Rf8 13. Qd2 Ne7 14. Rac1 Rb8 15. Na4 Re8 16. Rfd1 Kf8 17. h3 Nfg8 18. Qd3 f5 19. Bd2 Nc6 20. Nb6 Nf6 21. Bg5 e4 22. Qd2 Re7 23. Bxf6 Bxf6 24. Nd5 Qe5 25. Nxe7 Kxe7 26. e3 Kf7 27. Bf1 Qxb2 28. Bc4+ Kg7 29. Qd5 Qe5 30. Qf7+ Kh6 31. Nd4 Na5 32. Nxf5+ gxf5 33. Rd6 Kg5 34. Be2 1-0

[Event "17.Città di Padova Open A"]
[Site "Padova"]
[Date "2014.12.20"]
[Round "8.27"]
[White "Redo, Giorgio"]
[Black "Desideri, Alessandro"]
[Result "0-1"]
[WhiteElo "2084"]
[BlackElo "1834"]
[Annotator "Gabriele Ballarin"]
[PlyCount "30"]
[EventDate "2014.12.14"]
[EventType "swiss"]
[EventRounds "9"]
[EventCountry "ITA"]

1. f4 d5 2. Nf3 g6 3. e3 Bg7 4. d4 Nf6 5. c4 O-O 6. Nc3 c5 7. cxd5 Nxd5 8. Qb3 Nxc3 9. bxc3 Qc7 10. Bc4 Nc6 11. Ng5 e6 12. Qd1 cxd4 13. Ba3 Rd8 14. Qe2 Na5 15. exd4 Qxc4 0-1

[Event "17.Città di Padova Open A"]
[Site "Padova"]
[Date "2014.12.20"]
[Round "8.28"]
[White "Bergamasco, Tommaso"]
[Black "Viaggi, Stefano"]
[Result "1/2-1/2"]
[WhiteElo "2012"]
[BlackElo "2058"]
[Annotator "Gabriele Ballarin"]
[PlyCount "139"]
[EventDate "2014.12.14"]
[EventType "swiss"]
[EventRounds "9"]
[EventCountry "ITA"]

1. d4 g6 2. e4 Bg7 3. Nf3 d6 4. c3 b6 5. Bd3 Bb7 6. O-O Nd7 7. Re1 e6 8. a4 a6 9. Nbd2 Ne7 10. Nf1 c5 11. Ng3 O-O 12. Bg5 h6 13. Be3 e5 14. dxe5 Nxe5 15. Nxe5 dxe5 16. a5 bxa5 17. Bxc5 Re8 18. Bc2 Nc6 19. Qxd8 Raxd8 20. Red1 Rxd1+ 21. Rxd1 Rd8 22. Rxd8+ Nxd8 23. Nf1 Bf8 24. Bxf8 Kxf8 25. Ne3 Ke7 26. Nc4 Nc6 27. f3 Bc8 28. Nb6 Be6 29. Bd3 Kd6 30. Nc4+ Kc7 31. Kf2 f6 32. Ne3 Kb6 33. Ke2 a4 34. Bc4 Bxc4+ 35. Nxc4+ Kc5 36. Kd3 h5 37. Ne3 Na5 38. g3 Nb3 39. Nd5 f5 40. Ne7 fxe4+ 41. fxe4 g5 42. Ng6 Kd6 43. h4 g4 44. Nf8 Nc1+ 45. Ke3 a5 46. Nh7 Ke7 47. Ng5 Kd6 48. Nf7+ Ke6 49. Nd8+ Kd6 50. Nb7+ Kc6 51. Nd8+ Kd7 52. Nf7 Ke6 53. Ng5+ Ke7 54. Kd2 Nb3+ 55. Kd3 Nc1+ 56. Kd2 Nb3+ 57. Kd3 Nc1+ 58. Kc4 Ne2 59. Kb5 Nxc3+ 60. Kxa5 Nd1 61. Kxa4 Nxb2+ 62. Kb3 Nd1 63. Kc4 Ne3+ 64. Kc5 Nf1 65. Kd5 Nxg3 66. Kxe5 Ne2 67. Kf5 Nd4+ 68. Kg6 Nf3 69. Kxh5 Nxg5 70. Kxg4 1/2-1/2

[Event "17.Città di Padova Open A"]
[Site "Padova"]
[Date "2014.12.20"]
[Round "8.29"]
[White "Di Lazzaro, Gabriele"]
[Black "Gallo, Enrico"]
[Result "1/2-1/2"]
[WhiteElo "1941"]
[BlackElo "1982"]
[Annotator "Gabriele Ballarin"]
[PlyCount "57"]
[EventDate "2014.12.14"]
[EventType "swiss"]
[EventRounds "9"]
[EventCountry "ITA"]

1. d4 Nf6 2. Nc3 d5 3. Bg5 Bf5 4. e3 Nc6 5. Bd3 Qd7 6. Nf3 Ne4 7. Bf4 f6 8. Bxe4 dxe4 9. Nd2 g5 10. Bg3 Bg4 11. f3 exf3 12. gxf3 Bh5 13. Nb5 e5 14. dxe5 O-O-O 15. Qe2 a6 16. e6 Qxe6 17. Nxc7 Qf5 18. O-O-O Bb4 19. c3 Bd6 20. e4 Qh3 21. Nd5 Bf7 22. Bxd6 Rxd6 23. Nc4 Rdd8 24. Nde3 Qe6 25. Nb6+ Kb8 26. Nbd5 Rhe8 27. Rhe1 h5 28. Qg2 Ne5 29. Qg3 1/2-1/2

[Event "17.Città di Padova Open A"]
[Site "Padova"]
[Date "2014.12.20"]
[Round "8.30"]
[White "Hocevar, Nikola"]
[Black "Bordignon, Angelo"]
[Result "1/2-1/2"]
[WhiteElo "1913"]
[BlackElo "1808"]
[Annotator "Gabriele Ballarin"]
[PlyCount "33"]
[EventDate "2014.12.14"]
[EventType "swiss"]
[EventRounds "9"]
[EventCountry "ITA"]

1. Nf3 g6 2. g3 Bg7 3. d4 d6 4. Bg2 Nf6 5. O-O O-O 6. c4 Nc6 7. Nc3 h6 8. d5 Nb8 9. Nd4 Bd7 10. h3 c5 11. Nc2 Na6 12. Rb1 Rb8 13. Qd3 Nc7 14. a4 b6 15. Kh2 a6 16. Be3 b5 17. b3 1/2-1/2

[Event "17.Città di Padova Open A"]
[Site "Padova"]
[Date "2014.12.20"]
[Round "8.31"]
[White "Benetti, Lorenzo"]
[Black "Vizireanu, Dragos"]
[Result "1-0"]
[WhiteElo "1854"]
[BlackElo "1858"]
[Annotator "Gabriele Ballarin"]
[PlyCount "91"]
[EventDate "2014.12.14"]
[EventType "swiss"]
[EventRounds "9"]
[EventCountry "ITA"]

1. d4 Nf6 2. Bg5 d5 3. Nf3 e6 4. e3 Be7 5. c4 c6 6. Nc3 O-O 7. Bd3 Nbd7 8. O-O Re8 9. Qc2 b6 10. cxd5 cxd5 11. Rfc1 Bb7 12. Qa4 a6 13. b4 Ne4 14. Bxe7 Rxe7 15. Qb3 Rc8 16. Bxe4 dxe4 17. Nd2 Nf6 18. Nc4 Bd5 19. Nxd5 Nxd5 20. a4 b5 21. axb5 Rec7 22. Rxa6 Qd7 23. Rc6 Rxc6 24. bxc6 Qxc6 25. Rc2 Nb6 26. Na3 Qb7 27. h3 Rb8 28. b5 h6 29. Rc6 Nd5 30. Rc5 Nc7 31. Qc2 Ne8 32. Nc4 Qd7 33. Ne5 Qd6 34. Qxe4 Nc7 35. Nc4 Qd7 36. Qc6 Qxc6 37. bxc6 Kf8 38. Ra5 Ke7 39. Ra7 Kd8 40. Ne5 f6 41. Nf7+ Kc8 42. Nd6+ Kd8 43. e4 Rb6 44. d5 exd5 45. exd5 Nxd5 46. Rd7# 1-0

[Event "17.Città di Padova Open A"]
[Site "Padova"]
[Date "2014.12.19"]
[Round "8.32"]
[White "Ballarin, Gabriele"]
[Black "Baschirotto, Marco Dante"]
[Result "1-0"]
[WhiteElo "1946"]
[BlackElo "1903"]
[Annotator "Gabriele Ballarin"]
[PlyCount "81"]
[EventDate "2014.12.14"]
[EventType "swiss"]
[EventRounds "9"]
[EventCountry "ITA"]

{[%mdl 8256] B06: Difesa Moderna} 1. e4 g6 2. d4 Bg7 3. Nf3 d5 4. exd5 Qxd5 5. c4 Qd8 {Ultima mossa libro} 6. Nc3 Bg4 (6... Nh6 7. Bf4 $14) 7. Be3 c6 (7... Nh6 8. Qb3 Bxf3 9. gxf3 $14) 8. Be2 (8. h3 Bxf3 9. Qxf3 Bxd4 $11) 8... Nf6 9. h3 Bc8 10. Qd2 O-O 11. O-O Nbd7 12. Rad1 e6 (12... Nb6 13. Bf4 $16) 13. b4 {[%cal Yc4c5] Il Bianco vuol giocare c5} b6 14. a4 Bb7 15. c5 Nd5 16. Nxd5 exd5 17. Bd3 bxc5 18. bxc5 Re8 19. Rb1 Qc8 20. Qa5 Bf6 21. Rfe1 Bd8 22. Qd2 Ba6 23. Bc2 (23. Bf4 Rxe1+ 24. Rxe1 Bf6 $16) 23... Bc7 24. Bf4 Nf6 25. Rxe8+ Nxe8 26. Bxc7 (26. Ne5 $5 $16) 26... Qxc7 27. Qb4 Kg7 28. Ne5 Nf6 29. Rb3 Re8 30. Rf3 Re7 31. Qd2 Ne4 $2 (31... Nd7 32. Ng4 $14) 32. Qf4 (32. Bxe4 dxe4 33. Ng4 f5 (33... exf3 $4 34. Qh6+ Kg8 35. Nf6+ Kh8 36. Qxh7#) 34. Qh6+ Kg8 35. Nf6+ Kf7 36. Nxe4 Kg8 $18) 32... f5 $2 (32... Nxc5 33. Qf6+ Kg8 $18) 33. Bxe4 $18 dxe4 34. Rb3 Bc4 (34... Bc8 35. h4 Rd7 36. Qe3 $18) 35. Rb2 (35. Rg3 $5 Be6 $18) 35... Bd5 36. Qd2 h6 37. Qb4 (37. Qf4 Qd8 $16) 37... Kf6 38. Qb8 Qa5 $4 (38... Qxb8 $142 39. Rxb8 Rc7 $14) 39. Qf8+ $18 Bf7 40. Qxe7+ $3 Kxe7 41. Nxc6+ (41. Nxc6+ Ke6 42. Nxa5 $18) 1-0

[Event "17.Città di Padova Open A"]
[Site "Padova"]
[Date "2014.12.20"]
[Round "8.33"]
[White "Zangrando, Gianpietro"]
[Black "Antoniacci, Riccardo"]
[Result "0-1"]
[WhiteElo "1867"]
[BlackElo "1843"]
[Annotator "Gabriele Ballarin"]
[PlyCount "91"]
[EventDate "2014.12.14"]
[EventType "swiss"]
[EventRounds "9"]
[EventCountry "ITA"]

1. Nf3 c5 2. c4 Nc6 3. Nc3 g6 4. g3 Bg7 5. Bg2 Nf6 6. O-O O-O 7. d4 cxd4 8. Nxd4 Ng4 9. Nc2 d6 10. Nd5 Nce5 11. h3 Nf6 12. Nc3 Qc7 13. b3 Bd7 14. Bb2 Bc6 15. Nd5 Qd7 16. Kh2 Bxd5 17. cxd5 Qf5 18. e3 g5 19. Nd4 Qg6 20. Rb1 h5 21. Rh1 Rac8 22. Qe2 Rc7 23. Rbc1 Rfc8 24. Rxc7 Rxc7 25. Rc1 Rxc1 26. Bxc1 Qb1 27. Ba3 h4 28. Qc2 hxg3+ 29. fxg3 Qxc2 30. Nxc2 g4 31. hxg4 Nexg4+ 32. Kg1 Bh6 33. e4 Nd7 34. Bh3 Nde5 35. Kg2 Kg7 36. Bb2 Kg6 37. a4 Bd2 38. Bxg4 Nxg4 39. Nd4 Ne3+ 40. Kf3 Nd1 41. Ke2 Bc3 42. Bxc3 Nxc3+ 43. Kd3 Nd1 44. Nf5 Kf6 45. Ke2 Nc3+ 46. Kf3 {Nur} 0-1

[Event "17.Città di Padova Open A"]
[Site "Padova"]
[Date "2014.12.21"]
[Round "9.4"]
[White "Dvirnyy, Danyyil"]
[Black "Naumkin, Igor"]
[Result "1-0"]
[WhiteElo "2515"]
[BlackElo "2436"]
[Annotator "Gabriele Ballarin"]
[PlyCount "87"]
[EventDate "2014.12.14"]
[EventType "swiss"]
[EventRounds "9"]
[EventCountry "ITA"]

1. e4 e5 2. Nf3 Nc6 3. Nc3 Nf6 4. d4 exd4 5. Nxd4 Bb4 6. Nxc6 bxc6 7. Bd3 d5 8. exd5 cxd5 9. O-O O-O 10. h3 h6 11. Qf3 c6 12. Bf4 Bd6 13. Rfe1 Rb8 14. b3 Rb4 15. Ne2 Bxf4 16. Nxf4 a5 17. c3 Rb8 18. c4 a4 19. cxd5 cxd5 20. bxa4 Bb7 21. Rab1 Bc6 22. Bb5 Ba8 23. Red1 Rb6 24. Rd4 Rd6 25. Qa3 Qb6 26. Qb4 Rfd8 27. a5 Qc7 28. a4 Ne4 29. Nd3 Rg6 30. Rc1 Qb8 31. Bd7 Qa7 32. Bf5 Rb8 33. Bxg6 fxg6 34. Rxe4 dxe4 35. Qc5 Qb7 36. Nf4 g5 37. Qc4+ Kh7 38. a6 Qb2 39. Nh5 Rb4 40. Qc8 Bd5 41. Qf5+ Kh8 42. Rc8+ Bg8 43. Qf7 Qc1+ 44. Kh2 1-0

[Event "17.Città di Padova Open A"]
[Site "Padova"]
[Date "2014.12.21"]
[Round "9.6"]
[White "Godena, Michele"]
[Black "Vezzosi, Paolo"]
[Result "1-0"]
[WhiteElo "2495"]
[BlackElo "2291"]
[Annotator "Gabriele Ballarin"]
[PlyCount "97"]
[EventDate "2014.12.14"]
[EventType "swiss"]
[EventRounds "9"]
[EventCountry "ITA"]

1. e4 e5 2. Nf3 Nc6 3. d4 exd4 4. Nxd4 Nf6 5. Nc3 Bb4 6. Nxc6 bxc6 7. Bd3 O-O 8. O-O d5 9. exd5 cxd5 10. h3 Be6 11. Qf3 c6 12. Ne2 Bd6 13. Bf4 Bxf4 14. Nxf4 Re8 15. Rfe1 Qb6 16. b3 Re7 17. Re2 Rae8 18. Rae1 Qb4 19. c3 Qd6 20. Qg3 Qd8 21. b4 a5 22. bxa5 Qxa5 23. Bf5 Qc7 24. Nxe6 Qxg3 25. fxg3 fxe6 26. Rxe6 Kf7 27. Rxe7+ Rxe7 28. Rxe7+ Kxe7 29. Kf2 Kd6 30. Ke3 Ke5 31. Bc2 c5 32. h4 h6 33. Bg6 Nd7 34. a4 Nb6 35. Be8 Nc4+ 36. Kd3 Kd6 37. Bb5 Na5 38. Ke3 Ke5 39. Kf3 Nb3 40. Kg4 Na5 41. Kh5 Kf6 42. g4 d4 43. cxd4 cxd4 44. g5+ hxg5 45. hxg5+ Kf5 46. Bd3+ Kf4 47. Kg6 Nc6 48. g3+ Ke3 49. Bf1 (49. Bb1) 1-0

[Event "17.Città di Padova Open A"]
[Site "Padova"]
[Date "2014.12.21"]
[Round "9.7"]
[White "Boraso, Alessio"]
[Black "Delchev, Aleksander"]
[Result "0-1"]
[WhiteElo "2166"]
[BlackElo "2627"]
[Annotator "Gabriele Ballarin"]
[PlyCount "51"]
[EventDate "2014.12.14"]
[EventType "swiss"]
[EventRounds "9"]
[EventCountry "ITA"]

1. e4 c5 2. c3 d5 3. exd5 Qxd5 4. d4 Nc6 5. Nf3 Bf5 6. Be3 Nf6 7. Na3 e6 8. Bc4 Qe4 9. O-O cxd4 10. Ng5 Qh4 11. Qb3 Bxa3 12. cxd4 O-O 13. Nf3 Qh6 14. Qxa3 Be4 15. Be2 Rfd8 16. Rac1 Nd5 17. Rfe1 Qg6 18. Ng5 Bxg2 19. Bd3 f5 20. Kxg2 Nxe3+ 21. Rxe3 Qxg5+ 22. Kh1 Nxd4 23. Rc7 f4 24. Rh3 h6 25. Qc3 Nb5 26. Rxh6 0-1

[Event "17.Città di Padova Open A"]
[Site "Padova"]
[Date "2014.12.21"]
[Round "9.13"]
[White "Valsecchi, Alessio"]
[Black "Dimitrijeski, Boris"]
[Result "1-0"]
[WhiteElo "2432"]
[BlackElo "2251"]
[Annotator "Gabriele Ballarin"]
[PlyCount "87"]
[EventDate "2014.12.14"]
[EventType "swiss"]
[EventRounds "9"]
[EventCountry "ITA"]

1. Nf3 d5 2. c4 d4 3. g3 Nc6 4. Bg2 e5 5. d3 Nf6 6. O-O Be7 7. b4 Bxb4 8. Nxe5 Nxe5 9. Qa4+ Nc6 10. Bxc6+ bxc6 11. Qxb4 Qd6 12. Qa5 Bh3 13. Ba3 c5 14. Qxc5 Bxf1 15. Kxf1 O-O-O 16. Qxd6 cxd6 17. Bb2 Rd7 18. Bxd4 Rb7 19. f3 Kd7 20. Kf2 Rhb8 21. Nc3 h5 22. a4 a6 23. a5 Ke6 24. Bb6 g5 25. e4 g4 26. f4 Rh8 27. d4 h4 28. e5 hxg3+ 29. hxg3 Rh2+ 30. Ke3 Nh5 31. Ne4 Rb8 32. d5+ Kd7 33. Nxd6 Nxg3 34. Rg1 Rh3 35. Nxf7 Nf5+ 36. Ke4 Ng3+ 37. Rxg3 Rxg3 38. e6+ Ke7 39. Bc5+ Kf6 40. f5 Rb7 41. Bd4+ Ke7 42. f6+ Kf8 43. Bc5+ Kg8 44. Ng5 1-0

[Event "17.Città di Padova Open A"]
[Site "Padova"]
[Date "2014.12.21"]
[Round "9.14"]
[White "Mrdja, Milan"]
[Black "Pescatore, Lorenzo"]
[Result "0-1"]
[WhiteElo "2383"]
[BlackElo "2234"]
[Annotator "Gabriele Ballarin"]
[PlyCount "78"]
[EventDate "2014.12.14"]
[EventType "swiss"]
[EventRounds "9"]
[EventCountry "ITA"]

1. e4 c5 2. Nf3 Nc6 3. Nc3 g6 4. Bb5 Nd4 5. Nxd4 cxd4 6. Ne2 Bg7 7. O-O a6 8. Ba4 b5 9. Bb3 e6 10. f4 Ne7 11. f5 gxf5 12. exf5 Nxf5 13. Rxf5 exf5 14. Ng3 d5 15. d3 Be6 16. Bf4 Qh4 17. Nh5 O-O 18. h3 Rad8 19. Qf3 f6 20. Rf1 Rfe8 21. Kh2 Bf7 22. Ng3 Bh6 23. Bxh6 Qxh6 24. Nxf5 Qg5 25. Nxd4 Qh5 26. Qxh5 Bxh5 27. Rxf6 a5 28. Nxb5 Re2 29. Nc3 Rd2 30. Rf5 Bg6 31. Rxd5 Rxd5 32. Bxd5+ Bf7 33. Be4 Rxc2 34. Na4 Bxa2 35. Kg3 Bb3 36. Nc3 Rxb2 37. Kf4 a4 38. Nb5 Bf7 39. Bc6 Rxb5 0-1

[Event "17.Città di Padova Open A"]
[Site "Padova"]
[Date "2014.12.21"]
[Round "9.15"]
[White "Aghayev, Miragha"]
[Black "Sonis, Francesco"]
[Result "1/2-1/2"]
[WhiteElo "2372"]
[BlackElo "2206"]
[Annotator "Gabriele Ballarin"]
[PlyCount "73"]
[EventDate "2014.12.14"]
[EventType "swiss"]
[EventRounds "9"]
[EventCountry "ITA"]

1. e4 c5 2. Nf3 d6 3. Nc3 Nf6 4. e5 dxe5 5. Nxe5 Nbd7 6. d4 Nxe5 7. dxe5 Qxd1+ 8. Nxd1 Nd5 9. c4 Nb4 10. Ne3 e6 11. Bd2 Nc6 12. Bc3 Be7 13. g3 b6 14. Bg2 Bb7 15. O-O-O Rb8 16. Rd3 Nb4 17. Bxb4 Bxg2 18. Nxg2 cxb4 19. Rhd1 Rc8 20. Rd7 Bc5 21. Rxa7 b5 22. Rb7 bxc4 23. Rdd7 O-O 24. f4 c3 25. bxc3 bxc3 26. Ne1 Be3+ 27. Kc2 Ra8 28. Kxc3 Rxa2 29. Nf3 Ra3+ 30. Kb2 Bc1+ 31. Kxc1 Rxf3 32. Kd1 Rf2 33. Rd2 Rxd2+ 34. Kxd2 g6 35. Ke3 Kg7 36. Kf3 Ra8 37. Rc7 1/2-1/2

[Event "17.Città di Padova Open A"]
[Site "Padova"]
[Date "2014.12.21"]
[Round "9.16"]
[White "Borgo, Giulio"]
[Black "Andreoni, Giuseppe"]
[Result "1-0"]
[WhiteElo "2357"]
[BlackElo "2179"]
[Annotator "Gabriele Ballarin"]
[PlyCount "83"]
[EventDate "2014.12.14"]
[EventType "swiss"]
[EventRounds "9"]
[EventCountry "ITA"]

1. Nf3 Nf6 2. g3 g6 3. b3 Bg7 4. Bb2 O-O 5. Bg2 c5 6. c4 Nc6 7. O-O d5 8. cxd5 Nb4 9. Qc1 b6 10. d4 Ba6 11. Nc3 Rc8 12. Qd2 Nbxd5 13. Nxd5 Qxd5 14. Rfd1 Rfd8 15. Ne5 Qd6 16. Qe1 Qe6 17. dxc5 Rxd1 18. Rxd1 Ng4 19. Bd5 Qf5 20. Nxg4 Qxg4 21. Bxg7 Kxg7 22. Qc3+ f6 23. Bf3 Qe6 24. c6 g5 25. Qb4 Rc7 26. Rd4 h5 27. g4 hxg4 28. Rxg4 Kh6 29. h4 Bc8 30. hxg5+ fxg5 31. Re4 Qf6 32. Rd4 Bf5 33. Qd2 a5 34. b4 Qe5 35. Rd5 Qa1+ 36. Kh2 Qf1 37. Qe3 Qh3+ 38. Kg1 axb4 39. Qxb6 Rc8 40. c7+ Bg6 41. Re5 g4 42. Qe3+ 1-0

[Event "17.Città di Padova Open A"]
[Site "Padova"]
[Date "2014.12.21"]
[Round "9.17"]
[White "Dragojlovic, Andjelko"]
[Black "Goossens, Hanne"]
[Result "1-0"]
[WhiteElo "2321"]
[BlackElo "2090"]
[Annotator "Gabriele Ballarin"]
[PlyCount "55"]
[EventDate "2014.12.14"]
[EventType "swiss"]
[EventRounds "9"]
[EventCountry "ITA"]

1. e4 c5 2. g3 Nc6 3. Bg2 g6 4. Ne2 Bg7 5. c3 d6 6. Na3 Nf6 7. O-O O-O 8. d4 cxd4 9. cxd4 e5 10. d5 Ne7 11. Bd2 b6 12. Nc3 Ba6 13. Nab5 Nd7 14. a4 f5 15. b4 fxe4 16. Nxe4 Nf5 17. Rc1 Nf6 18. Ng5 Bxb5 19. axb5 Qd7 20. Ne6 Rfc8 21. Rc6 Ne7 22. Qb3 Nxc6 23. bxc6 Qe7 24. b5 a5 25. bxa6 Rxa6 26. Bh3 Re8 27. c7 Qd7 28. Bg5 {Nur} 1-0

[Event "17.Città di Padova Open A"]
[Site "Padova"]
[Date "2014.12.21"]
[Round "9.18"]
[White "Boscolo, Federico Meneguolo"]
[Black "Mileto, Gabriele"]
[Result "1-0"]
[WhiteElo "2303"]
[BlackElo "2175"]
[Annotator "Gabriele Ballarin"]
[PlyCount "53"]
[EventDate "2014.12.14"]
[EventType "swiss"]
[EventRounds "9"]
[EventCountry "ITA"]

1. e4 c6 2. d4 d5 3. e5 Bf5 4. Nc3 e6 5. g4 Bg6 6. Nge2 c5 7. h4 h5 8. Nf4 Bh7 9. g5 cxd4 10. Nb5 Nc6 11. Qxh5 Nxe5 12. Nxe6 Qe7 13. Nbxd4 Nc6 14. Bb5 Kd7 15. g6 Nf6 16. Qe2 Bxg6 17. Nxf8+ Qxf8 18. Be3 a6 19. Bxc6+ bxc6 20. O-O-O Qb4 21. a3 Qd6 22. Nb3 Ne4 23. h5 Bf5 24. Qf3 Qf6 25. Qg2 Nd6 26. Bg5 Be4 27. Nc5+ 1-0

[Event "17.Città di Padova Open A"]
[Site "Padova"]
[Date "2014.12.21"]
[Round "9.19"]
[White "Movileanu, Daniela"]
[Black "Marguerettaz, Davy"]
[Result "1-0"]
[WhiteElo "2145"]
[BlackElo "2223"]
[Annotator "Gabriele Ballarin"]
[PlyCount "137"]
[EventDate "2014.12.14"]
[EventType "swiss"]
[EventRounds "9"]
[EventCountry "ITA"]

1. e4 e5 2. Nf3 Nc6 3. Bb5 a6 4. Ba4 d6 5. c3 Nf6 6. d3 g6 7. O-O Bg7 8. Re1 O-O 9. Nbd2 Kh8 10. Nf1 Ng8 11. Bg5 f6 12. Bh4 g5 13. Bg3 f5 14. exf5 Bxf5 15. Ne3 Bg6 16. h3 Bh5 17. Ng4 Nh6 18. Qd2 Rxf3 19. gxf3 Nf5 20. Bxc6 bxc6 21. Kg2 c5 22. Ne3 Qf6 23. Ng4 Qd8 24. Ne3 Qd7 25. Ng4 h6 26. Rh1 Rf8 27. Qe2 Bf7 28. Ne3 Bh5 29. Ng4 Qd8 30. Rhe1 Be8 31. Qd2 Bc6 32. Ne3 Bxf3+ 33. Kg1 Qd7 34. Kh2 h5 35. Nxf5 Rxf5 36. h4 gxh4 37. Bxh4 Rf4 38. Bg5 Rg4 39. Rg1 e4 40. d4 cxd4 41. cxd4 c5 42. Bf6 cxd4 43. Rxg4 hxg4 44. Qxd4 Qf7 45. Bxg7+ Qxg7 46. Qxg7+ Kxg7 47. Kg3 d5 48. Kf4 d4 49. b4 Kf7 50. a4 e3 51. fxe3 d3 52. Ra2 Ke6 53. e4 Be2 54. Rd2 Kd6 55. b5 axb5 56. a5 b4 57. a6 Kc7 58. e5 Kb6 59. e6 g3 60. Kxg3 Bh5 61. Rxd3 Kxa6 62. Rd6+ Kb7 63. Rd4 Kc6 64. Rxb4 Kd6 65. Rb6+ Ke7 66. Kh4 Bf3 67. Kg5 Be4 68. Kf4 Bg2 69. Ke5 1-0

[Event "17.Città di Padova Open A"]
[Site "Padova"]
[Date "2014.12.21"]
[Round "9.20"]
[White "Sorbera, Giovanni"]
[Black "Bove, Alessandro"]
[Result "1-0"]
[WhiteElo "2166"]
[BlackElo "2326"]
[Annotator "Gabriele Ballarin"]
[PlyCount "69"]
[EventDate "2014.12.14"]
[EventType "swiss"]
[EventRounds "9"]
[EventCountry "ITA"]

1. e4 c5 2. Nf3 Nc6 3. d4 cxd4 4. Nxd4 Nf6 5. Nc3 d6 6. Be2 g6 7. Be3 Bg7 8. Qd2 Bd7 9. O-O-O h5 10. Rhg1 Ne5 11. h3 Rc8 12. f4 Rxc3 13. Qxc3 Nxe4 14. Qa3 Nc6 15. Nxc6 Bxc6 16. Qxa7 Ng3 17. Bd3 O-O 18. Bf2 h4 19. Kb1 e5 20. Bxg3 hxg3 21. fxe5 Bxe5 22. Bc4 Qh4 23. Bb3 Kg7 24. Qb6 Qe4 25. Qc7 d5 26. Qe7 Bf4 27. Qxe4 dxe4 28. Bd5 f5 29. Bxc6 bxc6 30. c4 Kf6 31. Kc2 Be5 32. Rge1 Rb8 33. b3 c5 34. Rd5 Bd4 35. a4 {Nur} 1-0

[Event "17.Città di Padova Open A"]
[Site "Padova"]
[Date "2014.12.21"]
[Round "9.21"]
[White "Pacini, Ermanno"]
[Black "De Santis, Alessio"]
[Result "0-1"]
[WhiteElo "2059"]
[BlackElo "2288"]
[Annotator "Gabriele Ballarin"]
[PlyCount "105"]
[EventDate "2014.12.14"]
[EventType "swiss"]
[EventRounds "9"]
[EventCountry "ITA"]

1. e4 b6 2. d4 Bb7 3. Bd3 g6 4. Nf3 Bg7 5. O-O d6 6. Re1 e6 7. c3 Nd7 8. Bf4 Ne7 9. Nbd2 O-O 10. a4 a5 11. Nc4 Ra7 12. Qd2 Nf6 13. Bh6 Nxe4 14. Bxe4 d5 15. Bxg7 Kxg7 16. Bxg6 hxg6 17. Nce5 Nf5 18. Qf4 c5 19. Ng5 Bc8 20. dxc5 bxc5 21. Nc6 Qc7 22. Qxc7 Rxc7 23. Nxa5 c4 24. Rec1 Bd7 25. b4 cxb3 26. Nxb3 Rb8 27. Nd2 Ra8 28. a5 $11 Rca7 29. Nb3 Bb5 30. Nf3 Bc4 31. Nfd2 Nd6 32. Ra3 Bxb3 33. Nxb3 Nc4 34. Ra2 Rb8 35. Nd2 Nxd2 36. Rxd2 Rxa5 37. Kf1 Rc5 38. Rcc2 Rbc8 39. Rd3 Rc4 40. Ke2 d4 41. Kd2 e5 42. f4 dxc3+ 43. Rcxc3 Rxc3 44. Rxc3 Rxc3 45. Kxc3 exf4 46. Kd4 Kf6 47. Ke4 Kg5 48. Kf3 Kf5 49. g3 fxg3 50. hxg3 Kg5 51. Kf2 Kg4 52. Kg2 g5 53. Kf2 {abb.} 0-1